000 01143naa a2200289 4500
001 44954
003 ES-MaCES
005 20140724103837.0
008 000000s2014 xxu||||| t||||||| ||eng d
040 _aES-MaCES
_bspa
_cES-MaCES
100 1 _935110
_aAlston, Julian M.
245 1 0 _aAgriculture in the Global Economy
_cJulian M. Alston and Philip G. Pardey
504 _aBibliografía: p. 144-146
650 4 _927489
_aagricultura
650 4 _930653
_aglobalización económica
650 4 _927487
_aeconomía agrícola
650 4 _927491
_adesarrollo agrícola
650 4 _927531
_aproducción agrícola
650 4 _928245
_acrecimiento de la producción
650 4 _929717
_atecnología agrícola
650 4 _928889
_aanálisis estadístico
653 1 0 _aAgricultura-Ganadería
700 1 _935111
_aPardey, Philip G.
773 0 _981388
_dNashville (Broadway, 2014, Suite 305, TN 37203-2418) American Economic Association
_o084295
_tThe journal of economic perspectives
_w(ES-MaCES)25409
_gvol. 28, no. 1 (Winter 2014) {10399 R. 084295} ;p. 121-146
902 _aART Artículo de revista
942 _2CES
_cAR
_h5.0.
999 _c44954
_d44954